000 00610nam a2200193 i 4500
001 132490
003 ES-MaACL
005 20250911063552.0
007 t|
008 070214s1965 sp r ||||1| spa d
100 1 _aRomero Murube, Joaquín,
_d1904-1969
_999419
245 1 0 _aFrancisco de Bruna y Ahumada /
_cJoaquín Romero y Murube.
260 _aSevilla :
_bAyuntamiento,
_c1965.
300 _a142 p., 3 lám. ;
_c24 cm.
600 1 4 _aBruna, Francisco de (
_d1719-1807)
_9163981
710 1 _aSevilla.
_bAyuntamiento.
_91391
852 _aES-MaACL
_jC-28672
_bR.57893
999 _c132490
_d132490